[Event "Sofia MGU op 185th"]
[Site "Sofia"]
[Date "2017.04.09"]
[Round "6"]
[White "Ruschukov, Boyan"]
[Black "Kostov, Nikolai"]
[Result "1-0"]
[WhiteElo "1801"]
[BlackElo "1668"]
[PlyCount "91"]
[EventDate "2017.04.08"]
[EventType "swiss"]
[EventRounds "6"]
[EventCountry "BUL"]
[SourceTitle "CBM 177 Extra"]
[Source "ChessBase"]
[SourceDate "2017.04.27"]
[SourceVersion "1"]
[SourceVersionDate "2017.04.27"]
[SourceQuality "1"]

1. d4 Nf6 2. c4 e6 3. Nc3 Bb4 4. Nf3 d5 5. Bg5 h6 6. Bxf6 Bxc3+ 7. bxc3 Qxf6 8. e3 0-0 9. Bd3 Nd7 10. 0-0 dxc4 11. Bxc4 b6 12. e4 Bb7 13. Re1 e5 14. Re3 Rad8 15. Qe2 Rfe8 16. Rd1 c5 17. Bb5 exd4 18. cxd4 Bc6 19. Bxc6 Qxc6 20. d5 Qa4 21. e5 Nf8 22. Re4 Qd7 23. a4 Ne6 24. d6 Qb7 25. Re3 Rd7 26. Qc4 Rc8 27. h3 Re8 28. Nh4 g6 29. f4 Kh7 30. f5 Nd4 31. fxg6+ fxg6 32. Rxd4 cxd4 33. Qxd4 Qb8 34. Qd3 Re6 35. Nf3 Qe8 36. Kf2 Qf7 37. Ke2 Qe8 38. Qb5 Rd8 39. Nd4 Qxb5+ 40. axb5 Ree8 41. Nc6 Rd7 42. Kd3 Kg7 43. Kd4 Re6 44. Ra3 a5 45. Kd5 Kf7 46. Rf3+ 1-0

[Event "Sofia MGU op 185th"]
[Site "Sofia"]
[Date "2017.04.09"]
[Round "4"]
[White "Ruschukov, Boyan"]
[Black "Mladenov, Andrey"]
[Result "1-0"]
[WhiteElo "1801"]
[BlackElo "1552"]
[PlyCount "69"]
[EventDate "2017.04.08"]
[EventType "swiss"]
[EventRounds "6"]
[EventCountry "BUL"]
[SourceTitle "CBM 177 Extra"]
[Source "ChessBase"]
[SourceDate "2017.04.27"]
[SourceVersion "1"]
[SourceVersionDate "2017.04.27"]
[SourceQuality "1"]

1. d4 d5 2. c4 c6 3. Nf3 Nf6 4. Nc3 e6 5. Bg5 dxc4 6. e4 b5 7. e5 h6 8. Bh4 g5 9. Nxg5 hxg5 10. Bxg5 Nbd7 11. exf6 Bb7 12. g3 Qb6 13. Bg2 0-0-0 14. 0-0 c5 15. d5 b4 16. Na4 Qb5 17. a3 exd5 18. axb4 cxb4 19. b3 c3 20. Rc1 Bh6 21. Qg4 Bxg5 22. Qxg5 Rdg8 23. Qe3 Kb8 24. Rfd1 Re8 25. Qd4 Rh5 26. f4 Rhh8 27. Bxd5 Bxd5 28. Qxd5 Qxd5 29. Rxd5 Kc7 30. Nxc3 bxc3 31. Rxc3+ Kb6 32. Rxd7 Re2 33. h4 Rhe8 34. Re7 Rd8 35. Rxe2 1-0

[Event "Sofia MGU op 180th"]
[Site "Sofia"]
[Date "2017.01.22"]
[Round "6"]
[White "Ruschukov, Boyan"]
[Black "Metev, Martin"]
[Result "1-0"]
[WhiteElo "1844"]
[BlackElo "2062"]
[PlyCount "85"]
[EventDate "2017.01.21"]
[EventType "swiss"]
[EventRounds "6"]
[EventCountry "BUL"]
[SourceTitle "CBM 176 Extra"]
[Source "ChessBase"]
[SourceDate "2017.03.02"]
[SourceVersion "1"]
[SourceVersionDate "2017.03.02"]
[SourceQuality "1"]

1. d4 e6 2. c4 Nf6 3. g3 d5 4. Bg2 c6 5. Nf3 Nbd7 6. 0-0 dxc4 7. Qc2 b5 8. b3 Nb6 9. Ne5 Bb7 10. Rd1 cxb3 11. Bxc6+ Bxc6 12. Qxc6+ Nfd7 13. axb3 b4 14. Nd2 Be7 15. Ndc4 0-0 16. e4 Rc8 17. Qb5 Nxe5 18. Nxe5 Rc5 19. Qe2 Rc7 20. Bb2 Bf6 21. Ng4 Be7 22. Rd2 Qd6 23. d5 Rd7 24. Be5 Qc5 25. Rc2 Nc4 26. Rxc4 Qb5 27. Ne3 Re8 28. Rc2 Qxe2 29. Rxe2 exd5 30. Nxd5 Bc5 31. Rd1 Rxe5 32. Nf6+ gxf6 33. Rxd7 Bb6 34. Rd5 Re6 35. Rb5 a5 36. Rc2 Bd4 37. Rc4 Bc3 38. Rxa5 Rd6 39. Kg2 Rd2 40. Rac5 Bd4 41. Rc2 Rxf2+ 42. Rxf2 Bxc5 43. Rxf6 1-0

[Event "Sofia MGU op 179th"]
[Site "Sofia"]
[Date "2017.01.15"]
[Round "5"]
[White "Kolev, Lachezar"]
[Black "Ruschukov, Boyan"]
[Result "1/2-1/2"]
[WhiteElo "1854"]
[BlackElo "1844"]
[PlyCount "78"]
[EventDate "2017.01.14"]
[EventType "swiss"]
[EventRounds "6"]
[EventCountry "BUL"]
[SourceTitle "CBM 176 Extra"]
[Source "ChessBase"]
[SourceDate "2017.03.02"]
[SourceVersion "1"]
[SourceVersionDate "2017.03.02"]
[SourceQuality "1"]

1. e4 c5 2. Nc3 Nc6 3. f4 g6 4. Bc4 Bg7 5. Nf3 d6 6. d3 a6 7. a3 b5 8. Ba2 e6 9. 0-0 Nge7 10. Qe1 0-0 11. Qh4 Nd4 12. Nxd4 cxd4 13. Ne2 Nc6 14. Qxd8 Rxd8 15. Ng3 Bd7 16. f5 Be5 17. fxg6 fxg6 18. Ne2 Kg7 19. Bd2 Rf8 20. Nf4 Rf6 21. Nh3 Raf8 22. Rxf6 Rxf6 23. g3 h6 24. Rf1 Rxf1+ 25. Kxf1 g5 26. Ke2 Kg6 27. Kf3 Bg7 28. Nf2 Ne5+ 29. Ke2 h5 30. h3 Nc6 31. Kf3 Ne5+ 32. Kg2 Bf6 33. Bb4 Be7 34. Bb3 Nc6 35. Bd2 Ne5 36. Bb4 Nc6 37. Bd2 Ne5 38. Bb4 Nc6 39. Bd2 Ne5 1/2-1/2

[Event "BUL-ch sf 76th"]
[Site "Plovdiv"]
[Date "2012.02.07"]
[Round "3"]
[White "Ruschukov, Boyan"]
[Black "Dimitrov, Dejan"]
[Result "0-1"]
[WhiteElo "1993"]
[BlackElo "2104"]
[PlyCount "50"]
[EventDate "2012.02.06"]
[EventType "swiss"]
[EventRounds "9"]
[EventCountry "BUL"]
[SourceTitle "CBM 146 Extra"]
[Source "ChessBase"]
[SourceDate "2012.02.29"]
[SourceVersion "1"]
[SourceVersionDate "2012.02.29"]
[SourceQuality "1"]

1. d4 Nf6 2. c4 d6 3. Nc3 Bf5 4. f3 e5 5. e4 exd4 6. exf5 dxc3 7. bxc3 Be7 8. Bd3 0-0 9. Ne2 Nbd7 10. f4 Nc5 11. Bc2 Nfe4 12. Be3 Bh4+ 13. Kf1 Re8 14. Bd4 Qd7 15. g3 Bf6 16. g4 Qc6 17. Kg1 Re7 18. g5 Bxg5 19. fxg5 Nxg5 20. Nf4 Rae8 21. f6 Re2 22. Nd5 Qd7 23. Ne3 Nf3+ 24. Kf1 Qh3+ 25. Kxe2 Qg2# 0-1

[Event "BUL-ch sf 76th"]
[Site "Plovdiv"]
[Date "2012.02.06"]
[Round "1"]
[White "Ruschukov, Boyan"]
[Black "Vutov, M Mario"]
[Result "1/2-1/2"]
[WhiteElo "1993"]
[BlackElo "2352"]
[PlyCount "112"]
[EventDate "2012.02.06"]
[EventType "swiss"]
[EventRounds "9"]
[EventCountry "BUL"]
[SourceTitle "CBM 146 Extra"]
[Source "ChessBase"]
[SourceDate "2012.02.29"]
[SourceVersion "1"]
[SourceVersionDate "2012.02.29"]
[SourceQuality "1"]

1. d4 c5 2. d5 e5 3. e4 d6 4. f4 exf4 5. Nf3 Ne7 6. Bxf4 Ng6 7. Bg3 Be7 8. Qd2 0-0 9. Nc3 a6 10. a4 Bf6 11. Bd3 Qe7 12. 0-0 Nd7 13. Rae1 Nde5 14. Nd1 Nxf3+ 15. Rxf3 Bg4 16. Rff1 Bxd1 17. Rxd1 Be5 18. Rf3 b5 19. axb5 axb5 20. Bxb5 Rab8 21. c4 Bxg3 22. Rxg3 Qxe4 23. Re1 Qh4 24. b4 cxb4 25. Qxb4 Qd4+ 26. Kh1 Ne5 27. Qxd6 Nd3 28. Rxd3 Qxd3 29. Qe5 f5 30. Qe3 Qxe3 31. Rxe3 Rfd8 32. h3 Rxd5 33. cxd5 Rxb5 34. Re5 g6 35. g4 Kf7 36. gxf5 Kf6 37. Re6+ Kxf5 38. Re7 h5 39. Rf7+ Kg5 40. d6 Rd5 41. d7 Rd2 42. Kg1 Kh4 43. Rg7 Kxh3 44. Rxg6 Rxd7 45. Kf2 h4 46. Rg8 Rd2+ 47. Kg1 Rd1+ 48. Kf2 Ra1 49. Rg1 Ra2+ 50. Kf3 Kh2 51. Rg8 h3 52. Rg7 Rg2 53. Ra7 Kh1 54. Ra1+ Rg1 55. Ra2 h2 56. Rb2 Ra1 1/2-1/2

[Event "Sofia MGU op 47th"]
[Site "Sofia"]
[Date "2012.01.15"]
[Round "6"]
[White "Ruschukov, Boyan"]
[Black "Dochev, Delyan"]
[Result "1-0"]
[WhiteElo "1993"]
[BlackElo "1709"]
[PlyCount "37"]
[EventDate "2012.01.14"]
[EventType "swiss"]
[EventRounds "6"]
[EventCountry "BUL"]
[SourceTitle "CBM 146 Extra"]
[Source "ChessBase"]
[SourceDate "2012.02.29"]
[SourceVersion "1"]
[SourceVersionDate "2012.02.29"]
[SourceQuality "1"]

1. d4 d5 2. c4 c6 3. Nf3 Nf6 4. Nc3 dxc4 5. a4 Bf5 6. Ne5 e6 7. f3 Nbd7 8. Nxc4 Qc7 9. e4 Bg6 10. g3 e5 11. d5 cxd5 12. Nb5 Qc6 13. exd5 Nxd5 14. Qxd5 Bb4+ 15. Bd2 Qxd5 16. Nc7+ Kd8 17. Nxd5 Bxd2+ 18. Kxd2 Nc5 19. Ke3 1-0

[Event "Sofia MGU op 47th"]
[Site "Sofia"]
[Date "2012.01.15"]
[Round "4"]
[White "Ruschukov, Boyan"]
[Black "Petrov, Martin"]
[Result "1-0"]
[WhiteElo "1993"]
[BlackElo "1910"]
[PlyCount "99"]
[EventDate "2012.01.14"]
[EventType "swiss"]
[EventRounds "6"]
[EventCountry "BUL"]
[SourceTitle "CBM 146 Extra"]
[Source "ChessBase"]
[SourceDate "2012.02.29"]
[SourceVersion "1"]
[SourceVersionDate "2012.02.29"]
[SourceQuality "1"]

1. d4 Nf6 2. c4 e6 3. Nc3 Bb4 4. e3 0-0 5. Nf3 d5 6. Qc2 b6 7. a3 Be7 8. b4 Bb7 9. Bd3 Nbd7 10. 0-0 c6 11. e4 dxe4 12. Nxe4 Nxe4 13. Bxe4 Nf6 14. Bd3 h6 15. Rd1 Qc7 16. c5 Nd5 17. Ne5 Bf6 18. f4 Rad8 19. g3 Bxe5 20. fxe5 Qe7 21. Rb1 b5 22. Rb3 f5 23. exf6 Rxf6 24. Qe2 g5 25. h4 gxh4 26. Qg4+ Qg7 27. Qxh4 Rdf8 28. Rf1 Rxf1+ 29. Bxf1 Qf6 30. Qxf6 Rxf6 31. Bh3 Bc8 32. Bd2 Kg7 33. a4 Ba6 34. axb5 Bxb5 35. Ra3 a6 36. Bg2 Kf7 37. Ra1 Kg7 38. Re1 Kf7 39. Re5 Rf5 40. Rxf5+ exf5 41. Bxd5+ cxd5 42. Bxh6 Kg6 43. Bf4 Kh5 44. Kf2 Kg4 45. Ke3 Kh5 46. Kd2 Kg4 47. Kc3 Kf3 48. Kb3 Bc6 49. b5 Bxb5 50. Kb4 1-0

[Event "Sofia Nikolov Memorial 1st"]
[Site "Sofia"]
[Date "2011.03.05"]
[Round "4"]
[White "Orev, Petar"]
[Black "Ruschukov, Boyan"]
[Result "1/2-1/2"]
[WhiteElo "2252"]
[BlackElo "1962"]
[PlyCount "70"]
[EventDate "2011.03.03"]
[EventType "swiss"]
[EventRounds "7"]
[EventCountry "BUL"]
[SourceTitle "CBM 141 Extra"]
[Source "ChessBase"]
[SourceDate "2011.05.03"]
[SourceVersion "1"]
[SourceVersionDate "2011.05.03"]
[SourceQuality "1"]

1. d4 Nf6 2. g3 g6 3. Bg2 Bg7 4. Nf3 0-0 5. 0-0 d5 6. c4 c6 7. Nc3 Ne4 8. cxd5 cxd5 9. Qb3 Nxc3 10. bxc3 Nc6 11. Nd2 e6 12. e4 Re8 13. Re1 Na5 14. Qc2 dxe4 15. Nxe4 Bd7 16. Nd6 Re7 17. Nxb7 Nxb7 18. Bxb7 Rb8 19. Bf3 Qa5 20. Bd2 Ba4 21. Qc1 Bd7 22. Kg2 Ree8 23. Rb1 Qxa2 24. Ra1 Qc4 25. Rxa7 Bc6 26. Bxc6 Qxc6+ 27. Kg1 Rec8 28. Qa1 h5 29. h4 Rb5 30. Qa4 Qd5 31. Qa2 e5 32. dxe5 Bxe5 33. Qxd5 Rxd5 34. Ra2 Bxc3 35. Rc1 Rdc5 1/2-1/2

[Event "Sofia MGU op 13th"]
[Site "Sofia"]
[Date "2010.07.31"]
[Round "1"]
[White "Haug, Johannes"]
[Black "Ruschukov, Boyan"]
[Result "1-0"]
[WhiteElo "1640"]
[BlackElo "1962"]
[PlyCount "45"]
[EventDate "2010.07.31"]
[EventType "swiss"]
[EventRounds "6"]
[EventCountry "BUL"]
[SourceTitle "CBM 137 Extra"]
[Source "ChessBase"]
[SourceDate "2010.09.01"]
[SourceVersion "1"]
[SourceVersionDate "2010.09.01"]
[SourceQuality "1"]

1. e4 c5 2. d3 Nc6 3. f4 g6 4. Nf3 Bg7 5. Be2 d6 6. 0-0 e5 7. Nc3 Nge7 8. Nd5 Nxd5 9. exd5 Nd4 10. Nxd4 cxd4 11. c4 dxc3 12. bxc3 exf4 13. Qa4+ Bd7 14. Qxf4 0-0 15. d4 Qa5 16. Bd2 Qxd5 17. Bf3 Qc4 18. Qxd6 Bc6 19. Bxc6 Rad8 20. Bd7 Rfe8 21. Bg5 Re6 22. Bxe6 Rxd6 23. Bxc4 1-0